000 00571nam a2200229Ia 4500
003 OSt
005 20220918183927.0
006 a|||||r|||| 00| 0
007 ta
008 220917b |||||||| |||| 00| 0 eng d
024 _a42,470
037 _cTextual
040 _aARTS
_cARTS
_beng
041 _2eng
_aeng
082 _aO1518,1D80,1, J7.3
100 _aSvayambhudeva
_963936
245 0 _aPaumacariu
260 _c1957
650 _aSANSKRIT LITERATURE
942 _hO1518,1D80,1, J7.3
_cTEXL
_2CC
999 _c174328
_d174328